Вып. 32: Вопросы точности в технологии машиностроения; Труды Московского авиационного технологического института

Bibliografske podrobnosti
Parent link:Труды Московского авиационного технологического института: [сборник]/ Московский авиационный технологический институт. Вып. 32: Вопросы точности в технологии машиностроения.— , 1948-
Drugi avtorji: Исаев А. И. (редактор)
Jezik:ruščina
Izdano: 1957
Teme:
Format: Knjiga
KOHA link:https://koha.lib.tpu.ru/cgi-bin/koha/opac-detail.pl?biblionumber=361646

MARC

LEADER 00000nam2a2200000 4500
001 361646
005 20231102011417.0
035 |a (RuTPU)RU\TPU\retro\18985 
035 |a RU\TPU\retro\18927 
090 |a 361646 
100 |a 20210628d1957 k y0rusy50 ca 
101 0 |a rus 
102 |a RU 
105 |a a z 001zy 
200 0 |a Вып. 32: Вопросы точности в технологии машиностроения  |f под ред. А. И. Исаева 
210 |d 1957 
215 |a 205 с.  |c ил. 
320 |a Библиогр. в конце ст. 
461 1 |0 (RuTPU)RU\TPU\retro\18841  |t Труды Московского авиационного технологического института  |o [сборник]  |f Московский авиационный технологический институт  |v Вып. 32: Вопросы точности в технологии машиностроения  |d 1948-  
606 1 |a Авиационные материалы  |2 stltpush  |3 (RuTPU)RU\TPU\subj\447  |9 29371 
606 1 |a Машиностроение  |x Точность  |2 stltpush  |3 (RuTPU)RU\TPU\subj\41490  |9 61280 
610 1 |a технология машиностроения 
610 1 |a токарная обработка 
610 1 |a неуравновешенность 
610 1 |a погрешность 
610 1 |a станки 
610 1 |a виброгасители 
610 1 |a технические измерения 
610 1 |a взаимозаменяемость 
610 1 |a профилирование 
675 |a 629.73.002.3  |v 4 
675 |a 621-187  |v 4 
702 1 |a Исаев  |b А. И.  |4 340 
801 1 |a RU  |b 63413507  |c 20210615 
801 2 |a RU  |b 63413507  |c 20210629  |g RCR 
942 |c BK